00453nam a22001217a 450000500170000002000260001703700080004324500930005126000310014427000980017530000320027370000260030520120102100644.0 a97881286299884c60.00 bPUB aRipley's believe it or not!:cby Sheri Bell Rehwoldt...(et al) barts & entertainment / aMumbai bEuro Books c2011 aDani Corporat e Park, First Floor, 158, Vidyanagari Marg, Kalina, SantacruzbMumbaie400098 aunpages bill.c21cm(pbk)  aBell-Rehwoldt, Sheri